| 000 | 01349nam2a2200265 4500 | ||
|---|---|---|---|
| 001 | RU\NLR\BIBL_A\011878088 | ||
| 005 | 20250626143127.0 | ||
| 035 | _a(NLR Aleph) 011878088 | ||
| 090 |
_a12236516 _c12236516 |
||
| 100 | _a20181130d2018 |||y0rusy50 ca | ||
| 101 | 0 | _arus | |
| 102 | _aRU | ||
| 105 | _aachbz|||010zy | ||
| 200 | 0 |
_a2018 _eк пятилетию епархии |
|
| 210 |
_d2018 _aБ. м. |
||
| 215 |
_a251, [14] с. _cил., цв. ил., портр., карт., факс. |
||
| 461 | 0 |
_1001RU\NLR\BIBL_A\011881051 _12001#$aТихвинская епархия пятилетию епархии$eкалендарь-справочник$fМосковский патриархат$g[главный редактор: епископ Мстислав]$v2018 _912249217 _aТихвинская епархия _cТихвин _d2018 _fМосковский патриархат _nТорговый дом "Медный всадник" _oкалендарь-справочник _tТихвинская епархия пятилетию епархии _v2018 |
|
| 606 | 1 |
_aМонастыри _yЛенинградская область _92331599 _3RU\NLR\AUTH\6601618403 |
|
| 686 | 2 | _aЭ372.24-647.2 | |
| 942 | _cBOOK | ||
| 980 | _aNBR | ||
| 980 | _aNB | ||